|
|
|
|
| LEADER |
00000nam0a2200000 4500 |
| 001 |
24511 |
| 005 |
20231101205619.0 |
| 010 |
|
|
|a 5895541410
|
| 010 |
|
|
|a 5-93101-048-3
|
| 035 |
|
|
|a (RuTPU)RU\TPU\book\24740
|
| 035 |
|
|
|a BOOK00002505
|
| 090 |
|
|
|a 24511
|
| 100 |
|
|
|a 20011209d1999 k y0rusy50 ca
|
| 101 |
0 |
|
|a rus
|
| 102 |
|
|
|a RU
|
| 105 |
|
|
|a y z 000zy
|
| 200 |
1 |
|
|a Рубеж перед стартом: китайская проблема для России и США на пороге ХХI века
|f Ю. М. Галенович
|
| 210 |
|
|
|a Москва
|d 1999
|
| 215 |
|
|
|a 314 с.
|
| 225 |
1 |
|
|a Научные доклады
|v Вып. 99
|
| 606 |
1 |
|
|a Внешняя политика России в отношении стран Азии
|2 stltpush
|3 (RuTPU)RU\TPU\subj\70347
|9 84660
|
| 606 |
1 |
|
|a Внешняя политика США
|2 stltpush
|3 (RuTPU)RU\TPU\subj\2634
|9 31175
|
| 610 |
1 |
|
|a политика
|
| 610 |
1 |
|
|a внешняя политика
|
| 610 |
1 |
|
|a международные отношения
|
| 610 |
1 |
|
|a Китай
|
| 610 |
1 |
|
|a США
|
| 610 |
1 |
|
|a Россия
|
| 610 |
1 |
|
|a 20 век
|
| 686 |
|
|
|a Ф4(2)9(5Кит)
|v LBC/SL-A
|2 rubbk
|
| 686 |
|
|
|a *США)
|v LBC/SL-A
|2 rubbk
|
| 700 |
|
1 |
|a Галенович
|b Ю. М.
|g Юрий Михайлович
|
| 801 |
|
0 |
|a RU
|b 63413507
|c 20011209
|g PSBO
|
| 801 |
|
2 |
|a RU
|b 63413507
|c 20140528
|g PSBO
|
| 942 |
|
|
|c BK
|